<?xml version="1.0" encoding="UTF-8"?>
<record
    xmlns:xsi="http://www.w3.org/2001/XMLSchema-instance"
    xsi:schemaLocation="http://www.loc.gov/MARC21/slim http://www.loc.gov/standards/marcxml/schema/MARC21slim.xsd"
    xmlns="http://www.loc.gov/MARC21/slim">

  <leader>01547nam0a2200361   4500</leader>
  <controlfield tag="001">RU\NLR\bibl\817076</controlfield>
  <controlfield tag="005">20250614134610.0</controlfield>
  <datafield tag="010" ind1=" " ind2=" ">
    <subfield code="a">5-8459-0718-7</subfield>
    <subfield code="b">&#x432; &#x43E;&#x431;&#x43B;.</subfield>
  </datafield>
  <datafield tag="021" ind1=" " ind2=" ">
    <subfield code="a">RU</subfield>
    <subfield code="b">2005-12484</subfield>
    <subfield code="9">638</subfield>
  </datafield>
  <datafield tag="035" ind1=" " ind2=" ">
    <subfield code="a">RSL-KNO-002577243</subfield>
  </datafield>
  <datafield tag="035" ind1=" " ind2=" ">
    <subfield code="a">(NLR Aleph) 000806005</subfield>
  </datafield>
  <datafield tag="090" ind1=" " ind2=" ">
    <subfield code="a">1211144</subfield>
    <subfield code="c">1211144</subfield>
  </datafield>
  <datafield tag="100" ind1=" " ind2=" ">
    <subfield code="a">20050309d2005    |||y0rusy50      ca</subfield>
  </datafield>
  <datafield tag="101" ind1="1" ind2=" ">
    <subfield code="a">rus</subfield>
    <subfield code="c">eng</subfield>
  </datafield>
  <datafield tag="102" ind1=" " ind2=" ">
    <subfield code="a">RU</subfield>
  </datafield>
  <datafield tag="105" ind1=" " ind2=" ">
    <subfield code="a">ac  |||||||||</subfield>
  </datafield>
  <datafield tag="106" ind1=" " ind2=" ">
    <subfield code="a">r</subfield>
  </datafield>
  <datafield tag="200" ind1="1" ind2=" ">
    <subfield code="a">&#x421;&#x435;&#x43A;&#x440;&#x435;&#x442;&#x44B; &#x446;&#x438;&#x444;&#x440;&#x43E;&#x432;&#x43E;&#x439; &#x43F;&#x435;&#x447;&#x430;&#x442;&#x438;</subfield>
    <subfield code="e">&#x420;&#x443;&#x43A;. &#x43F;&#x43E; &#x432;&#x44B;&#x432;&#x43E;&#x434;&#x443; &#x432;&#x44B;&#x441;&#x43E;&#x43A;&#x43E;&#x43A;&#x430;&#x447;&#x435;&#x441;&#x442;&#x432;. &#x446;&#x438;&#x444;&#x440;&#x43E;&#x432;&#x43E;&#x439; &#x433;&#x440;&#x430;&#x444;&#x438;&#x43A;&#x438; &#x434;&#x43B;&#x44F; &#x444;&#x43E;&#x442;&#x43E;&#x433;&#x440;&#x430;&#x444;&#x43E;&#x432; &#x438; &#x445;&#x443;&#x434;&#x43E;&#x436;&#x43D;&#x438;&#x43A;&#x43E;&#x432;</subfield>
    <subfield code="f">&#x413;&#x430;&#x440;&#x43E;&#x43B;&#x44C;&#x434; &#x414;&#x436;&#x43E;&#x43D;&#x441;&#x43E;&#x43D;</subfield>
    <subfield code="g">[&#x41F;&#x435;&#x440;. &#x441; &#x430;&#x43D;&#x433;&#x43B;. &#x438; &#x440;&#x435;&#x434;. &#x415;. &#x41B;. &#x41F;&#x43E;&#x43B;&#x43E;&#x43D;&#x441;&#x43A;&#x43E;&#x439;]</subfield>
  </datafield>
  <datafield tag="210" ind1=" " ind2=" ">
    <subfield code="a">&#x41C;. [&#x438; &#x434;&#x440;.]</subfield>
    <subfield code="c">&#x412;&#x438;&#x43B;&#x44C;&#x44F;&#x43C;&#x441;</subfield>
    <subfield code="d">2005</subfield>
    <subfield code="e">&#x421;&#x41F;&#x431;.</subfield>
    <subfield code="g">&#x413;&#x41F;&#x41F; &#x41F;&#x435;&#x447;. &#x414;&#x432;&#x43E;&#x440;</subfield>
  </datafield>
  <datafield tag="215" ind1=" " ind2=" ">
    <subfield code="a">408 &#x441;., [16] &#x43B;.</subfield>
    <subfield code="c">&#x438;&#x43B;., &#x446;&#x432;. &#x438;&#x43B;., &#x43F;&#x43E;&#x440;&#x442;&#x440;., &#x442;&#x430;&#x431;&#x43B;.</subfield>
    <subfield code="d">24</subfield>
  </datafield>
  <datafield tag="300" ind1=" " ind2=" ">
    <subfield code="a">&#x41F;&#x440;&#x435;&#x434;&#x43C;. &#x443;&#x43A;&#x430;&#x437;.: &#x441;. 401-408</subfield>
  </datafield>
  <datafield tag="606" ind1="1" ind2=" ">
    <subfield code="a">&#x426;&#x438;&#x444;&#x440;&#x43E;&#x432;&#x430;&#x44F; &#x43F;&#x435;&#x447;&#x430;&#x442;&#x44C;</subfield>
    <subfield code="9">2182125</subfield>
    <subfield code="3">RU\NLR\auth\661312154</subfield>
  </datafield>
  <datafield tag="610" ind1="0" ind2=" ">
    <subfield code="a">&#x424;&#x43E;&#x442;&#x43E;&#x43A;&#x438;&#x43D;&#x43E;&#x442;&#x435;&#x445;&#x43D;&#x438;&#x43A;&#x430; -- &#x424;&#x43E;&#x442;&#x43E;&#x433;&#x440;&#x430;&#x444;&#x438;&#x44F; -- &#x42D;&#x43B;&#x435;&#x43A;&#x442;&#x440;&#x43E;&#x444;&#x43E;&#x442;&#x43E;&#x433;&#x440;&#x430;&#x444;&#x438;&#x44F;.&#x41A;&#x441;&#x435;&#x440;&#x43E;&#x433;&#x440; &#x430;&#x444;&#x438;&#x44F; -- &#x41F;&#x43E;&#x441;&#x43E;&#x431;&#x438;&#x435; &#x434;&#x43B;&#x44F; &#x441;&#x43F;&#x435;&#x446;&#x438;&#x430;&#x43B;&#x438;&#x441;&#x442;&#x43E;&#x432;</subfield>
  </datafield>
  <datafield tag="610" ind1="0" ind2=" ">
    <subfield code="a">&#x446;&#x438;&#x444;&#x440;&#x43E;&#x432;&#x430;&#x44F; &#x444;&#x43E;&#x442;&#x43E;&#x433;&#x440;&#x430;&#x444;&#x438;&#x44F;</subfield>
  </datafield>
  <datafield tag="686" ind1=" " ind2=" ">
    <subfield code="a">&#x41C;941.8,07</subfield>
    <subfield code="2">rubbk</subfield>
  </datafield>
  <datafield tag="686" ind1=" " ind2=" ">
    <subfield code="a">&#x41C;941.8</subfield>
  </datafield>
  <datafield tag="700" ind1=" " ind2="1">
    <subfield code="a">&#x414;&#x436;&#x43E;&#x43D;&#x441;&#x43E;&#x43D;</subfield>
    <subfield code="b">&#x413;.</subfield>
    <subfield code="g">&#x413;&#x430;&#x440;&#x43E;&#x43B;&#x44C;&#x434;</subfield>
    <subfield code="4">070</subfield>
  </datafield>
  <datafield tag="801" ind1=" " ind2="0">
    <subfield code="a">RU</subfield>
    <subfield code="b">RuMoRKP</subfield>
    <subfield code="c">20050309</subfield>
    <subfield code="g">rcr</subfield>
  </datafield>
  <datafield tag="801" ind1=" " ind2="1">
    <subfield code="a">RU</subfield>
    <subfield code="b">RuMoRGB</subfield>
    <subfield code="c">20050309</subfield>
  </datafield>
  <datafield tag="801" ind1=" " ind2="2">
    <subfield code="a">RU</subfield>
    <subfield code="b">NLR</subfield>
    <subfield code="c">20050707</subfield>
    <subfield code="g">PSBO</subfield>
  </datafield>
  <datafield tag="942" ind1=" " ind2=" ">
    <subfield code="c">BOOK</subfield>
  </datafield>
  <datafield tag="980" ind1=" " ind2=" ">
    <subfield code="a">NB</subfield>
  </datafield>
  <datafield tag="995" ind1=" " ind2=" ">
    <subfield code="5">2005-07-07</subfield>
    <subfield code="a">ad</subfield>
    <subfield code="b">NLR01</subfield>
    <subfield code="c">NLR01</subfield>
    <subfield code="e">RF3</subfield>
    <subfield code="f">952413</subfield>
    <subfield code="k">2005-7/3323</subfield>
    <subfield code="o">0</subfield>
    <subfield code="r">BOOK</subfield>
    <subfield code="s">200573323_</subfield>
  </datafield>
  <datafield tag="995" ind1=" " ind2=" ">
    <subfield code="5">2005-09-15</subfield>
    <subfield code="a">ad</subfield>
    <subfield code="b">NLR01</subfield>
    <subfield code="c">NLR01</subfield>
    <subfield code="e">RF3</subfield>
    <subfield code="f">993752</subfield>
    <subfield code="k">2005-7/3323</subfield>
    <subfield code="o">0</subfield>
    <subfield code="r">BOOK</subfield>
    <subfield code="s">200573323_</subfield>
  </datafield>
</record>
